01306nam a22003254a 4500001001200000003000800012006001900020007001500039008004100054010001700095020002600112040002100138035002100159050002500180082002000205100002000225245008900245260008100334300001500415504006400430533015200494600005200646650003200698650002800730650003300758655002900791710001700820856012600837999001700963ebr10057420CaPaEBRm u cr cn|||||||||030321s2003 enk sb 001 0 eng  z 2003048276 z0333801806 (hardback) aCaPaEBRcCaPaEBR a(OCoLC)55922615514aHN398.N6bB74 2003eb04a303.6/094162211 aBrewer, John D.10aC. Wright Mills and the ending of violenceh[electronic resource] /cJohn D. Brewer. aHoundmills, Basingstoke, Hampshire ;aNew York :bPalgrave Macmillan,c2003. axi, 197 p. aIncludes bibliographical references (p. 179-190) and index. aElectronic reproduction.bPalo Alto, Calif. :cebrary,d2013.nAvailable via World Wide Web.nAccess may be limited to ebrary affiliated libraries.10aMills, C. Wrightq(Charles Wright),d1916-1962. 0aViolencezNorthern Ireland. 0aViolencezSouth Africa. 0aPeacexSociological aspects. 7aElectronic books.2local2 aebrary, Inc.40uhttp://site.ebrary.com/lib/rucke/Doc?id=10057420zAn electronic book accessible through the World Wide Web; click to view c71719d71719